LIBRARY ONLINE CATALOGUE

Sound doctrine : (Record no. 21122)

MARC details
000 -LEADER
fixed length control field 01568cam a22003734a 4500
001 - CONTROL NUMBER
control field 17523309
003 - CONTROL NUMBER IDENTIFIER
control field OSt
005 - DATE AND TIME OF LATEST TRANSACTION
control field 20260122142534.0
008 - FIXED-LENGTH DATA ELEMENTS--GENERAL INFORMATION
fixed length control field 121108s2013 ilu b 001 0 eng
010 ## - LIBRARY OF CONGRESS CONTROL NUMBER
LC control number 2012037604
020 ## - INTERNATIONAL STANDARD BOOK NUMBER
International Standard Book Number 9781433535895
Qualifying information hc
035 ## - SYSTEM CONTROL NUMBER
System control number 17523309
040 ## - CATALOGING SOURCE
Original cataloging agency DLC
Transcribing agency DLC
Modifying agency DLC
042 ## - AUTHENTICATION CODE
Authentication code pcc
050 00 - LIBRARY OF CONGRESS CALL NUMBER
Classification number BV652.25
Item number .J36 2013
082 00 - DEWEY DECIMAL CLASSIFICATION NUMBER
Classification number 250
Edition number 23
100 1# - MAIN ENTRY--PERSONAL NAME
Personal name Jamieson, Bobby,
Dates associated with a name 1986-
245 10 - TITLE STATEMENT
Title Sound doctrine :
Remainder of title how a church grows in the love and holiness of God /
Statement of responsibility, etc. Bobby Jamieson.
260 ## - PUBLICATION, DISTRIBUTION, ETC. (IMPRINT)
Place of publication, distribution, etc. Wheaton, Ill. :
Name of publisher, distributor, etc. Crossway,
Date of publication, distribution, etc. c2013.
300 ## - PHYSICAL DESCRIPTION
Extent 117 p. ;
Dimensions 19 cm.
336 ## - CONTENT TYPE
Content type term text
Content type code txt
Source rdacontent
337 ## - MEDIA TYPE
Media type term unmediated
Media type code n
Source rdamedia
338 ## - CARRIER TYPE
Carrier type term volume
Carrier type code nc
Source rdacarrier
490 0# - SERIES STATEMENT
Series statement 9marks
504 ## - BIBLIOGRAPHY, ETC. NOTE
Bibliography, etc Includes bibliographical references and index.
505 0# - FORMATTED CONTENTS NOTE
Formatted contents note Sound doctrine is for life: the life of the church -- Sound doctrine is for reading and teaching the Bible -- Sound doctrine is for holiness -- Sound doctrine is for love -- Sound doctrine is for unity -- Sound doctrine is for worship -- Sound doctrine is for witness postscript: sound doctrine is for joy.
650 #0 - SUBJECT ADDED ENTRY--TOPICAL TERM
Topical term or geographic name as entry element Church growth.
650 #0 - SUBJECT ADDED ENTRY--TOPICAL TERM
Topical term or geographic name as entry element Theology, Doctrinal.
776 08 - ADDITIONAL PHYSICAL FORM ENTRY
Relationship information Online version:
Main entry heading Jamieson, Bobby, 1986-
Title Sound doctrine
Place, publisher, and date of publication Wheaton, Ill. : Crossway, c2013
International Standard Book Number 9781433535901
Record control number (DLC) 2012045638
906 ## - LOCAL DATA ELEMENT F, LDF (RLIN)
a 7
b cbc
c orignew
d 1
e ecip
f 20
g y-gencatlg
942 ## - ADDED ENTRY ELEMENTS (KOHA)
Source of classification or shelving scheme Library of Congress Classification
Koha item type General Collection
Holdings
Withdrawn status Lost status Source of classification or shelving scheme Not for loan Home library Current library Date acquired Source of acquisition Inventory number Total Checkouts Full call number Barcode Date last seen Copy number Price effective from Koha item type
    Library of Congress Classification   Kabarak, Main Campus Kabarak, Main Campus 22/01/2026 Donation 2025/3054   BV652.25 .J36 2013 C.1 39542 22/01/2026 C.1 22/01/2026 General Collection